نمو الطفل ورعايته / (Record no. 64428)
[ view plain ]
| 000 -الفاتح | |
|---|---|
| حقل البيانات ثابتة الطول | 00531nam a2200193Ia 4500 |
| 005 - وقت وتاريخ اخر تعامل مع التسجيلة | |
| رقم الضبط | 20240530110731.0 |
| 008 - عناصر البيانات ثابتة الطول - معلومات عامة | |
| حقل البيانات ثابتة الطول | 140319s9999 xx 000 0 ara d |
| 040 ## - مصدر الفهرسة | |
| وكالة الفهرسة الأصلية | GCL / |
| وكالة النسخ | GCL |
| 082 04 - رقم تصنيف ديوى العشرى | |
| رقم التصنيف | 155.4\ |
| رقم المادة | ن ن |
| 100 1# - المدخل الرئيسى - إسم شخصى | |
| الإسم الشخصى | نايفة قطامى |
| 245 10 - بيان العنوان | |
| العنوان | نمو الطفل ورعايته / |
| بيان المسئوليه,etc | نايفة قطامى |
| 260 ## - PUBLICATION, DISTRIBUTION, ETC. (IMPRINT) | |
| تاريخ النشر أو التوزيع | 1989 |
| 300 ## - الوصف المادى | |
| التعداد | 279 ص |
| 650 04 - المدخل الاضافى بالموضوع-مصطلح موضوعى | |
| مصطلح موضوعي | الاطفال |
| 650 04 - المدخل الاضافى بالموضوع-مصطلح موضوعى | |
| مصطلح موضوعي | الرعاية |
| 700 1# - المدخل الاضافى - اسم شخصى | |
| الإسم الشخصى | عالية الرفاعى |
| 942 ## - عناصر المدخل الإضافي( كوها) | |
| مصدر التصنيف او مخطط الترفيف | Dewey Decimal Classification |
| Koha [default] item type | كتاب |
| 260 ## - PUBLICATION, DISTRIBUTION, ETC. (IMPRINT) | |
| -- | [S.N] : |
| -- | دار الشروق ، |
| حالة التراجع | حالة الفقد | مصدر التصنيف او خطة الترفيف | حالة تلف | ليس للاعارة | المكان المؤقت | الموقع الحالى | موقع الترفيف | تاريخ الاكتساب | اجمالي اﻻعارات | رقم الطلب | الباركود | تاريخ اخر مشاهدة | تاريخ تفعيل السعر | نوع وعاء كوها |
|---|---|---|---|---|---|---|---|---|---|---|---|---|---|---|
| ddc | مكتبة القاهرة الكبرى | مكتبة القاهرة الكبرى | القاعة الرئيسية | 05/09/2018 | 155.4\ ن ن | 164716 | 05/09/2018 | 05/09/2018 | كتاب |

